000
00308nam a22001457a 4500
008
210226b ||||| |||| 00| 0 eng d
020
_a
2900195012483
041
_a
eng
080
_a
94
082
_a
94
100
_a
16
101
_a
SHH
245
_a
The Ancient Greeks
_c
Starr, CH. G
942
_2
udc
_c
BK
999
_c
55247
_d
55247